| 000 | 01203cam a2200241 a 4500 | ||
|---|---|---|---|
| 020 | _a0534178081 | ||
| 020 | _a9780534178086 | ||
| 040 | _cDLC | ||
| 082 | 0 | 0 | _a363 WAD 1993 A107 Or. |
| 100 | 1 | _aMiller, G. Tyler | |
| 245 | 1 | 0 |
_aEnvironmental science : _bsustaining the earth / |
| 250 | _aFourth edition | ||
| 300 |
_axiv, 470 pages : _bcolor illustrations, maps ; _c28 cm |
||
| 490 | 1 | _aWadsworth biology series | |
| 500 | _aIncludes index | ||
| 520 | _aThis book is designed to be used in introductory courses on environmental science. It treats environmental science as an INTERDISCIPLINARY study, combining ideas and information from natural sciences such as biology, chemistry, and geology and social sciences such as economics, politics, and ethics to present a general idea of how nature works and how things are interconnected. It examines how the environment is being used and abused, and what individuals can do to protect and improve it for themselves, for future generations, and for other living things | ||
| 650 | 0 | _aEnvironmental sciences | |
| 650 | 0 | _aHuman ecology | |
| 650 | 0 | _aEnvironmental protection | |
| 650 | 4 | _aEcology | |
| 650 | 4 | _aNatural resources | |
| 942 | _cEK | ||
| 999 |
_c16766 _d16766 |
||